<?xml version="1.0" encoding="UTF-8"?>
<record
    xmlns:xsi="http://www.w3.org/2001/XMLSchema-instance"
    xsi:schemaLocation="http://www.loc.gov/MARC21/slim http://www.loc.gov/standards/marcxml/schema/MARC21slim.xsd"
    xmlns="http://www.loc.gov/MARC21/slim">

  <leader>00471nam a22001337a 4500</leader>
  <controlfield tag="003">SGT</controlfield>
  <datafield tag="020" ind1=" " ind2=" ">
    <subfield code="a">9789390971282</subfield>
  </datafield>
  <datafield tag="082" ind1=" " ind2=" ">
    <subfield code="a">301.2</subfield>
    <subfield code="b">U21T</subfield>
  </datafield>
  <datafield tag="100" ind1=" " ind2=" ">
    <subfield code="a"> &#x924;&#x93F;&#x935;&#x93E;&#x930;&#x940;, &#x905;&#x902;&#x936;&#x941;&#x92E;&#x93E;&#x928; </subfield>
  </datafield>
  <datafield tag="245" ind1=" " ind2=" ">
    <subfield code="a">&#x909;&#x932;&#x91F;&#x940; &#x917;&#x93F;&#x928;&#x924;&#x940; : &#x92E;&#x902;&#x926;&#x940; &#x914;&#x930; &#x92E;&#x939;&#x93E;&#x92E;&#x93E;&#x930;&#x940; &#x915;&#x940; &#x926;&#x94B;&#x939;&#x930;&#x940; &#x92E;&#x93E;&#x930; &#x938;&#x947; &#x915;&#x948;&#x938;&#x947; &#x909;&#x92D;&#x930;&#x947;&#x917;&#x93E; &#x92D;&#x93E;&#x930;&#x924;</subfield>
  </datafield>
  <datafield tag="260" ind1=" " ind2=" ">
    <subfield code="b">&#x930;&#x93E;&#x91C;&#x915;&#x92E;&#x932; &#x92A;&#x94D;&#x930;&#x915;&#x93E;&#x936;&#x928; </subfield>
    <subfield code="c">2021</subfield>
  </datafield>
  <datafield tag="300" ind1=" " ind2=" ">
    <subfield code="a">284</subfield>
  </datafield>
  <datafield tag="942" ind1=" " ind2=" ">
    <subfield code="2">ddc</subfield>
    <subfield code="c">BK</subfield>
  </datafield>
  <datafield tag="952" ind1=" " ind2=" ">
    <subfield code="0">0</subfield>
    <subfield code="1">0</subfield>
    <subfield code="2">ddc</subfield>
    <subfield code="4">0</subfield>
    <subfield code="7">1</subfield>
    <subfield code="a">CL</subfield>
    <subfield code="b">CL</subfield>
    <subfield code="c">REF</subfield>
    <subfield code="d">2025-02-01</subfield>
    <subfield code="i">SGTU</subfield>
    <subfield code="l">0</subfield>
    <subfield code="o">301.2 U21T</subfield>
    <subfield code="p">CH2144</subfield>
    <subfield code="r">2025-02-01 00:00:00</subfield>
    <subfield code="w">2025-02-01</subfield>
    <subfield code="y">BK</subfield>
  </datafield>
  <datafield tag="999" ind1=" " ind2=" ">
    <subfield code="c">29567</subfield>
    <subfield code="d">29567</subfield>
  </datafield>
</record>
